Guy'S Cyclopedia, or Epitome of Universal Knowledge; designed for Senior Scholars in School, and for Young Persons in General, containing multifarious and useful information on numerous subjects, necessary to be known by all persons, yet not to be found in books of general use in schools. By Joseph Guy

Guardado en:
Detalles Bibliográficos
Autor principal: Guy, Joseph (Autor)
Formato: Libro
Lenguaje:inglés
Publicado: Londres Baldwin and Cradock 1832
Edición:10a. ed
Materias:
Etiquetas: Agregar Etiqueta
Sin Etiquetas, Sea el primero en etiquetar este registro!

MARC

LEADER 00000nam a2200000 a 4500
001 UCJ7427
003 CL-VaPUC
008 070124e18320000UK |||||||||||||||||eng|d
082 0 4 |a 030  |b GUY  |2 21 
100 0 |a Guy, Joseph  |e author  |9 515812 
245 1 0 |a Guy'S Cyclopedia, or Epitome of Universal Knowledge; designed for Senior Scholars in School, and for Young Persons in General, containing multifarious and useful information on numerous subjects, necessary to be known by all persons, yet not to be found in books of general use in schools. By Joseph Guy 
250 |a 10a. ed 
300 |a xix, 639 p 
942 |c BK 
945 |d 20070124 00:00:00  |a rinostro 
260 |a Londres  |b Baldwin and Cradock  |c 1832 
650 7 |a ENCICLOPEDIA  |2 CL-VaPUC  |9 331864 
583 |a last modification  |c 20070124 00:00:00  |k Rodrigo Vera 
999 |c 323512  |d 323510 
952 |0 0  |1 0  |4 0  |6 030_000000000000000_GUY_1832  |7 0  |8 X  |9 403185  |a FDOBUD  |b FDOBUD  |d 2019-11-22  |i 1063634  |o 030 GUY 1832  |p 1063634  |r 2019-11-22  |w 2019-11-22  |y BK_X  |k BUD